• 首页
  • 本馆介绍
  • 公告通知
  • 最新文献
  • 馆藏检索
  • 电子资源
  • 读者导购
  • 参考咨询
  • 我的图书馆
  • 登录
  • 详细信息显示
  • 放入我的书架
  • 预约/预借图书
  • 作者相关作品
  • 分类相关作品
  • 丛书相关作品
  • 出版社相关作品

书目信息

  • 表格格式
  • 工作单格式
  • 卡片格式
题名:
秘书文案格式范例与处理规范
    
 
作者: 丁晓楠 , 程默 主编
分册:  
出版信息: 广州   广东经济出版社  2002
页数: 442页
开本: 20cm
丛书名:
单 册:
中图分类: C931.46
科图分类:
主题词: 公文--写作--基本知识
电子资源:
ISBN: 7-80677-293-6
000 00634nam0 2200205 45
001 0412010958
005 20041201092306.5
010    @a7-80677-293-6@dCNY25.00
100    @a20041201d2002 km y0chiy0120 ea
101 0  @achi
105    @a z 000yy
200 1  @a秘书文案格式范例与处理规范@AMi Shu Wen An Ge Shi Fan Li Yu Chu Li Gui Fan@f丁晓楠,程默主编@FDing Xiao Nan,Cheng Mo Zhu Bian
210    @a广州@c广东经济出版社@d2002
215    @a442页@d20cm
606 0  @a公文@x写作@x基本知识
690    @aC931.46@v4
701  0 @a丁晓楠@4主编
701  0 @a程默@4主编
801    @aCN@bTSTCL@c20041201
905    @b336529-533@dC931.46@e147@f5
    
    秘书文案格式范例与处理规范/丁晓楠,程默主编.-广州:广东经济出版社,2002
    442页;20cm
    
    
    ISBN 7-80677-293-6:CNY25.00
    
●
相关链接 在E读中查询图书 在五车中查询图书 在当当中查询图书 在豆瓣中查询图书


正题名:秘书文案格式范例与处理规范     索取号:C931.46/147         预约/预借

序号 登录号 条形码 馆藏地/架位号 状态 备注
1 0336529   203365296   第一借阅区/ [索取号:C931.46/147] 在馆    
2 0336530   203365303   教育系资料室/ [索取号:C931.46/147] 在馆    
3 0336531   203365312   第一借阅区/ [索取号:C931.46/147] 在馆    
4 0336532   203365321   教育系资料室/ [索取号:C931.46/147] 在馆    
5 0336533   203365330   第一样本阅览室/ [索取号:C931.46/147] 在馆    
唐山师范学院图书馆 欢迎您!
大连网信软件有限公司© 版权所有